Welcome to CU Library Online Public Access Catalogue (OPAC)

Legal reference book / (Record no. 339)

MARC details
000 -LEADER
fixed length control field 00476cam a2200169 i 4500
001 - CONTROL NUMBER
control field 19043077
005 - DATE AND TIME OF LATEST TRANSACTION
control field 20241029115743.0
008 - FIXED-LENGTH DATA ELEMENTS--GENERAL INFORMATION
fixed length control field 160405s2015 gh b 001 0 eng
020 ## - INTERNATIONAL STANDARD BOOK NUMBER
International Standard Book Number 9789988212810
050 00 - LIBRARY OF CONGRESS CALL NUMBER
Classification number KRX47
Item number .A38 2015
100 1# - MAIN ENTRY--PERSONAL NAME
Personal name Adu-Gyamfi, Derick.
245 10 - TITLE STATEMENT
Title Legal reference book /
Statement of responsibility, etc. Derick Adu-Gyamfi, B.A(Hons), LL.B(Hons).
250 ## - EDITION STATEMENT
Edition statement Second edition.
300 ## - PHYSICAL DESCRIPTION
Extent xlviii, 490 pages ;
Dimensions 25 cm
650 #0 - SUBJECT ADDED ENTRY--TOPICAL TERM
Topical term or geographic name entry element Legal research
Geographic subdivision Ghana.
942 ## - ADDED ENTRY ELEMENTS (KOHA)
Source of classification or shelving scheme Library of Congress Classification
Koha item type Books
Suppress in OPAC No
999 ## -
-- 339
-- 339
Holdings
Withdrawn status Lost status Source of classification or shelving scheme Damaged status Not for loan Home library Current library Shelving location Date acquired Total checkouts Full call number Barcode Date last seen Copy number Price effective from Koha item type
    Library of Congress Classification     Law Library Annex (Miotso) Law Library Annex (Miotso) General stacks 10/28/2024   KRX 47. A38 ADU LLM00000061 10/29/2024 1 10/28/2024 Books
© 2023-2024 Copyright: Central University Libraries. All Rights Reserved | Created by: Mahone Tech Office